The law of evidence : (Record no. 1618)
[ view plain ]
| 000 -LEADER | |
|---|---|
| fixed length control field | 00765nam a22002417a 4500 |
| 001 - CONTROL NUMBER | |
| control field | 15647 |
| 003 - CONTROL NUMBER IDENTIFIER | |
| control field | BD-DhUAP |
| 005 - DATE AND TIME OF LATEST TRANSACTION | |
| control field | 20200211095527.0 |
| 008 - FIXED-LENGTH DATA ELEMENTS--GENERAL INFORMATION | |
| fixed length control field | 200211s2010 bg ||||| |||| 00| 0 eng d |
| 020 ## - INTERNATIONAL STANDARD BOOK NUMBER | |
| International Standard Book Number | 984300008603 |
| 040 ## - CATALOGING SOURCE | |
| Original cataloging agency | BD-DhUAP |
| Language of cataloging | Eng |
| Transcribing agency | BD-DhUAP |
| Modifying agency | BD-DhUAP |
| 082 ## - DEWEY DECIMAL CLASSIFICATION NUMBER | |
| Edition number | 23 |
| Classification number | 347.549206 HAL |
| 100 ## - MAIN ENTRY--PERSONAL NAME | |
| Personal name | Halim, Md. Abdul. |
| 245 ## - TITLE STATEMENT | |
| Title | The law of evidence : |
| Remainder of title | theory and practice / |
| Statement of responsibility, etc. | Md. Abdul Halim |
| 250 ## - EDITION STATEMENT | |
| Edition statement | 2nd ed. |
| 260 ## - PUBLICATION, DISTRIBUTION, ETC. | |
| Place of publication, distribution, etc. | Dhaka : |
| Name of publisher, distributor, etc. | CCB foundation, |
| Date of publication, distribution, etc. | c2010. |
| 300 ## - PHYSICAL DESCRIPTION | |
| Extent | 278 pages ; |
| Dimensions | 24 cm. |
| 500 ## - GENERAL NOTE | |
| General note | An interpretative, comparative and critical analysis of the evidence act, 1872. |
| 504 ## - BIBLIOGRAPHY, ETC. NOTE | |
| Bibliography, etc. note | Include bibliographical references and index. |
| 650 ## - SUBJECT ADDED ENTRY--TOPICAL TERM | |
| Topical term or geographic name entry element | Evidence Act |
| Geographic subdivision | Bangladesh. |
| 650 ## - SUBJECT ADDED ENTRY--TOPICAL TERM | |
| Topical term or geographic name entry element | Evidence (Law). |
| 942 ## - ADDED ENTRY ELEMENTS (KOHA) | |
| Source of classification or shelving scheme | |
| Koha item type | Book |
| Withdrawn status | Lost status | Source of classification or shelving scheme | Damaged status | Not for loan | Permanent Location | Current Location | Shelving location | Date acquired | Total Checkouts | Total Renewals | Full call number | Barcode | Date last seen | Date last checked out | Copy number | Price effective from | Koha item type | Date due |
|---|---|---|---|---|---|---|---|---|---|---|---|---|---|---|---|---|---|---|
| UAP Central Library | UAP Central Library | General Stacks | 2020-02-11 | 3 | 2 | 347.549206 HAL | 3010015647 | 2025-09-03 | 2025-08-28 | 1 | 2020-02-11 | Book | ||||||
| UAP Central Library | UAP Central Library | General Stacks | 2020-02-11 | 6 | 6 | 347.549206 HAL | 3010015645 | 2026-06-02 | 2026-02-16 | 2 | 2020-02-11 | Book | ||||||
| UAP Central Library | UAP Central Library | General Stacks | 2020-02-11 | 2 | 347.549206 HAL | 3010015642 | 2025-11-11 | 2025-11-06 | 3 | 2020-02-11 | Book | |||||||
| UAP Central Library | UAP Central Library | General Stacks | 2020-02-11 | 2 | 347.549206 HAL | 3010014148 | 2024-01-21 | 2023-11-28 | 4 | 2020-02-11 | Book | |||||||
| UAP Central Library | UAP Central Library | General Stacks | 2020-02-11 | 7 | 6 | 347.549206 HAL | 3010014144 | 2025-11-09 | 2025-10-23 | 5 | 2020-02-11 | Book | ||||||
| UAP Central Library | UAP Central Library | General Stacks | 2020-02-11 | 1 | 347.549206 HAL | 3010014146 | 2025-07-28 | 2025-07-21 | 6 | 2020-02-11 | Book | |||||||
| UAP Central Library | UAP Central Library | General Stacks | 2020-02-11 | 1 | 2 | 347.549206 HAL | 3010015644 | 2025-07-14 | 2025-07-14 | 7 | 2020-02-11 | Book | 2025-08-25 | |||||
| UAP Central Library | UAP Central Library | General Stacks | 2020-02-11 | 347.549206 HAL | 3010015648 | 2020-02-11 | 8 | 2020-02-11 | Book | |||||||||
| UAP Central Library | UAP Central Library | General Stacks | 2020-02-11 | 1 | 347.549206 HAL | 3010015643 | 2026-02-23 | 2026-02-23 | 9 | 2020-02-11 | Book | 2026-03-09 | ||||||
| UAP Central Library | UAP Central Library | General Stacks | 2020-02-11 | 1 | 2 | 347.549206 HAL | 3010015646 | 2026-04-12 | 2026-01-28 | 10 | 2020-02-11 | Book | ||||||
| UAP Central Library | UAP Central Library | General Stacks | 2020-02-11 | 2 | 347.549206 HAL | 3010014147 | 2022-05-24 | 2022-04-11 | 11 | 2020-02-11 | Book | |||||||
| UAP Central Library | UAP Central Library | General Stacks | 2020-02-11 | 1 | 2 | 347.549206 HAL | 3010014145 | 2025-08-27 | 2025-07-21 | 12 | 2020-02-11 | Book |
Bengali Keyboard